[Event "ICS rated blitz match"]
[Site "204.178.125.65"]
[Date "2001.07.19"]
[Round "?"]
[White "Hossa"]
[Black "ChesterX"]
[Result "0-1"]
[WhiteElo "2589"]
[BlackElo "2818"]
[PlyCount "93"]
[EventDate "2001.??.??"]

1. Nf3 d5 2. g3 Nf6 3. Bg2 c6 4. O-O Bg4 5. d3 Nbd7 6. Nbd2 e5 7. d4 e4 8. Ng5
h6 9. Nh3 Bb4 10. f3 Bxh3 11. Bxh3 exf3 12. Rxf3 Qe7 13. c3 Bd6 14. c4 O-O 15.
Qf1 Bb4 16. cxd5 cxd5 17. Bf5 Rac8 18. a3 Bd6 19. Nb1 Ne4 20. Nc3 Nxc3 21. bxc3
Rc6 22. Re3 Qd8 23. a4 Qc7 24. Bd2 Nb6 25. Bd3 Nc4 26. Bxc4 Rxc4 27. Qf5 Qc6
28. Be1 b6 29. a5 b5 30. Rf3 Ra4 31. Rxa4 bxa4 32. Bd2 a3 33. Rf1 Qb5 34. Bxh6
gxh6 35. Qg4+ Kh8 36. Qh5 Be7 37. Qe5+ Kg8 38. Qxe7 a2 39. Qa3 Qb1 40. e4 dxe4
41. c4 Rb8 42. Qa4 e3 43. Qd7 Qxf1+ 44. Kxf1 a1=Q+ 45. Ke2 Rb2+ 46. Kf3 Rf2+
47. Ke4 {Hossa resigns} 0-1

[Event "ICS Rated standard match"]
[Site "204.178.125.65"]
[Date "2001.07.19"]
[Round "?"]
[White "GILBER"]
[Black "Hossa"]
[Result "0-1"]
[WhiteElo "2162"]
[BlackElo "2296"]
[PlyCount "144"]
[EventDate "2001.??.??"]

1. d4 f5 2. Nc3 e6 3. e4 d5 4. exf5 exf5 5. Nf3 Nf6 6. Bd3 Bb4 7. O-O O-O 8.
Bg5 Nc6 9. Re1 Rb8 10. a3 Be7 11. Bf1 Ne4 12. Bxe7 Nxe7 13. Ne5 Rf6 14. Nxe4
fxe4 15. c4 Bf5 16. cxd5 Nxd5 17. Bc4 c6 18. Ng4 Rf8 19. Ne3 Be6 20. Nf1 Qf6
21. Qd2 Bf5 22. Ng3 Rbe8 23. Re2 b5 24. Ba2 Re6 25. Rae1 Qh4 26. Nxf5 Rxf5 27.
g3 Qg4 28. Bb1 Rf4 29. Ba2 Rf8 30. Qc2 Rf4 31. Qd2 Rf7 32. Bb1 Rfe7 33. Ba2 Qh5
34. Qc2 Qf5 35. Bb1 Nf4 36. Rxe4 Rxe4 37. Rxe4 Qxe4 38. Qxe4 Ne2+ 39. Kf1 Rxe4
40. Bxe4 Nxd4 41. b4 g6 42. Ke1 Kf8 43. Kd2 c5 44. Kc3 Ne2+ 45. Kd2 Nd4 46. Kc3
Ne2+ 47. Kd3 cxb4 48. Kxe2 bxa3 49. Bd5 b4 50. Kd3 a5 51. Kc2 a4 52. f3 Ke7 53.
h4 Kd6 54. Ba2 Ke5 55. g4 b3+ 56. Bxb3 axb3+ 57. Kxb3 Kf4 58. h5 gxh5 59. gxh5
Kg5 60. Kxa3 Kxh5 61. Kb4 Kg5 62. Kc4 Kf4 63. Kd4 Kxf3 64. Ke5 h5 65. Kf5 h4
66. Kg5 h3 67. Kf5 h2 68. Ke5 h1=Q 69. Kf5 Qe1 70. Kg5 Qe6 71. Kh5 Kf4 72. Kh4
Qh6# {GILBER checkmated} 0-1

[Event "ICS rated blitz match"]
[Site "204.178.125.65"]
[Date "2001.07.19"]
[Round "?"]
[White "agro"]
[Black "Hossa"]
[Result "0-1"]
[WhiteElo "2615"]
[BlackElo "2582"]
[PlyCount "58"]
[EventDate "2001.??.??"]

1. e4 c5 2. Nf3 d6 3. d4 cxd4 4. Nxd4 Nf6 5. Nc3 a6 6. Bg5 e6 7. f4 Be7 8. Qf3
Qc7 9. O-O-O Nbd7 10. Bd3 b5 11. Rhe1 Bb7 12. Qg3 b4 13. Nd5 exd5 14. exd5 Kd8
15. Rxe7 Kxe7 16. Nf5+ Ke8 17. Nxg7+ Kf8 18. Re1 h6 19. Bxf6 Nxf6 20. Nf5 Rh7
21. Re7 Qb6 22. Qh4 Nxd5 23. Be4 Qg1+ 24. Kd2 Bc6 25. Rc7 Nxc7 26. Bxc6 Re8 27.
Bxe8 Qxg2+ 28. Kd1 Qd5+ 29. Kc1 Qxf5 {agro resigns} 0-1

[Event "ICS Rated standard match"]
[Site "204.178.125.65"]
[Date "2001.07.19"]
[Round "?"]
[White "Hossa"]
[Black "MrBigwin"]
[Result "1-0"]
[WhiteElo "2298"]
[BlackElo "2202"]
[PlyCount "161"]
[EventDate "2001.??.??"]

1. e4 e5 2. Nf3 Nf6 3. Nxe5 Qe7 4. d4 d6 5. Nf3 Nxe4 6. Be2 Bf5 7. O-O Nd7 8.
Re1 O-O-O 9. Nc3 Ndf6 10. Bd3 d5 11. Bg5 Bg6 12. Ne5 Qb4 13. Nb5 Qa5 14. Bf4
Bb4 15. c3 Bd6 16. f3 Nh5 17. Be3 c6 18. b4 Qb6 19. fxe4 cxb5 20. exd5 Nf6 21.
Bg5 Bxe5 22. Rxe5 h6 23. Bxg6 fxg6 24. Bxf6 gxf6 25. Re6 Qc7 26. Qf3 Qc4 27.
Rxf6 Rxd5 28. Rxg6 Rhd8 29. a4 Rxd4 30. axb5 Rd3 31. Qf5+ Kb8 32. Qe5+ Ka8 33.
b6 a6 34. Rxh6 Rxc3 35. Rh8 Rc1+ 36. Rxc1 Qxc1+ 37. Kf2 Qc2+ 38. Kg3 Qb3+ 39.
Kh4 Qxb4+ 40. Kh5 Qxb6 41. g4 Rxh8+ 42. Qxh8+ Ka7 43. h4 a5 44. Qc3 Qb4 45. Qc7
a4 46. Qe5 a3 47. g5 b6 48. g6 a2 49. Qc7+ Ka6 50. Qc8+ Ka7 51. g7 Qb5+ 52. Kh6
a1=Q 53. Qc7+ Ka6 54. Qc8+ Ka5 55. Qa8+ Qa6 56. Qxa6+ Kxa6 57. g8=Q Qf6+ 58.
Kh5 b5 59. Qd5 b4 60. Kg4 Qc3 61. h5 b3 62. h6 b2 63. Qe4 Qc8+ 64. Kh4 Qc1 65.
h7 b1=Q 66. Qa8+ Kb6 67. Qb8+ Kc6 68. Qc8+ Kd5 69. Qd7+ Ke4 70. Qe6+ Kd3 71.
Qd5+ Kc2 72. Qf5+ Kb3 73. Qf3+ Ka2 74. Qa8+ Qa3 75. h8=Q Qe1+ 76. Kg4 Qg1+ 77.
Kf4 Qf2+ 78. Kg4 Qg2+ 79. Qxg2+ Kb1 80. Qh7+ Kc1 81. Qgc2# {MrBigwin checkmated
} 1-0

[Event "ICS Rated standard match"]
[Site "204.178.125.65"]
[Date "2001.07.19"]
[Round "?"]
[White "Hossa"]
[Black "IronMaiden"]
[Result "1/2-1/2"]
[WhiteElo "2300"]
[BlackElo "2223"]
[PlyCount "107"]
[EventDate "2001.??.??"]

1. e4 e6 2. d4 d5 3. Nd2 Nf6 4. e5 Nfd7 5. Bd3 c5 6. c3 Nc6 7. Ne2 a5 8. O-O
cxd4 9. cxd4 Nb6 10. Nf3 Be7 11. Bf4 Bd7 12. a3 a4 13. Rc1 Na5 14. Nd2 Bc6 15.
Qc2 h6 16. Be3 Qd7 17. f4 g6 18. Rfe1 h5 19. Rf1 Kd8 20. Bf2 Rc8 21. Qb1 Bb5
22. Rxc8+ Kxc8 23. Rc1+ Kb8 24. Bxb5 Qxb5 25. Nc3 Qd7 26. Be3 Rc8 27. Qc2 Nbc4
28. Nxc4 Rxc4 29. Qd3 Qc6 30. Na2 Rxc1+ 31. Bxc1 Nc4 32. Nc3 b5 33. Qc2 Na5 34.
Be3 Kb7 35. h3 Qc4 36. g4 hxg4 37. hxg4 Kb6 38. f5 gxf5 39. gxf5 Qb3 40. Qxb3
axb3 41. f6 Bf8 42. Nd1 Nc4 43. Bc1 b4 44. axb4 Kb5 45. Kf2 Bxb4 46. Ke2 Ba5
47. Kd3 Be1 48. Ne3 Nxe3 49. Bxe3 Ba5 50. Bc1 Bb4 51. Bf4 Ba5 52. Be3 Bb4 53.
Bf4 Ba5 54. Be3 {Game drawn by mutual agreement} 1/2-1/2

[Event "ICS rated blitz match"]
[Site "204.178.125.65"]
[Date "2001.07.19"]
[Round "?"]
[White "RoGeR1"]
[Black "Hossa"]
[Result "0-1"]
[WhiteElo "2246"]
[BlackElo "2593"]
[PlyCount "60"]
[EventDate "2001.??.??"]

1. e4 c5 2. Nf3 d6 3. d4 cxd4 4. Nxd4 Nf6 5. Nc3 a6 6. Be2 e5 7. Nf3 Be7 8. Bg5
Be6 9. Qd2 Nbd7 10. O-O-O O-O 11. h4 Qa5 12. b3 b5 13. Kb1 b4 14. Nd5 Bxd5 15.
exd5 Ne4 16. Bxe7 Nxd2+ 17. Rxd2 Rfe8 18. Bg5 Nc5 19. Rdd1 Ne4 20. Bd2 Nxf2 21.
Rhf1 Nxd1 22. Bxd1 Qxd5 23. Bc1 e4 24. Ng5 f6 25. Be2 Qc6 26. Nh3 Rac8 27. Bd1
e3 28. Re1 e2 29. Nf4 exd1=Q 30. Rxe8+ Rxe8 {RoGeR1 resigns} 0-1

[Event "ICS rated bullet match"]
[Site "204.178.125.65"]
[Date "2001.07.19"]
[Round "?"]
[White "EroeInrico"]
[Black "Hossa"]
[Result "0-1"]
[WhiteElo "2089"]
[BlackElo "2612"]
[PlyCount "70"]
[EventDate "2001.??.??"]

1. e4 c5 2. Nc3 Nc6 3. g3 g6 4. Bg2 Bg7 5. d3 d6 6. Be3 e6 7. Qd2 Nf6 8. h3 O-O
9. Nge2 e5 10. O-O Nd4 11. g4 h5 12. g5 Nh7 13. h4 Nxe2+ 14. Nxe2 Qd7 15. f4
exf4 16. Nxf4 Bxb2 17. Rab1 Be5 18. Nd5 b6 19. c3 Bb7 20. d4 cxd4 21. Bxd4 Bxd5
22. exd5 Rac8 23. Rbe1 Bxd4+ 24. Qxd4 Rfe8 25. Rxe8+ Rxe8 26. Kh2 Qc7 27. Be4
Re7 28. Qd3 Qc5 29. Bxg6 fxg6 30. Qxg6+ Kh8 31. Rf8+ Nxf8 32. Qh6+ Kg8 33. g6
Re2+ 34. Kh3 Qxc3+ 35. Qe3 Qxe3# {EroeInrico checkmated} 0-1

[Event "ICS rated bullet match"]
[Site "204.178.125.65"]
[Date "2001.07.19"]
[Round "?"]
[White "Hossa"]
[Black "EroeInrico"]
[Result "1-0"]
[WhiteElo "2614"]
[BlackElo "2087"]
[PlyCount "57"]
[EventDate "2001.??.??"]

1. e4 d6 2. d4 Nf6 3. Nc3 g6 4. Bc4 Bg7 5. Bf4 O-O 6. Nge2 Nc6 7. O-O e5 8. Bg5
h6 9. Bh4 g5 10. Bg3 exd4 11. Nxd4 Nxd4 12. Qxd4 Nh5 13. Qd3 Be6 14. Bd5 c6 15.
Bxe6 fxe6 16. Bxd6 Rf7 17. e5 Rd7 18. Ne2 Kh8 19. Qc4 b5 20. Qxc6 Rc8 21. Qxb5
Rxc2 22. Nd4 Rd2 23. Nxe6 Qe8 24. Qb4 Qxe6 25. Qxd2 Nf4 26. Rfe1 Qg4 27. f3
Nh3+ 28. Kh1 Qh4 29. gxh3 {EroeInrico resigns} 1-0

[Event "ICS Rated standard match"]
[Site "204.178.125.65"]
[Date "2001.07.19"]
[Round "?"]
[White "MrBigwin"]
[Black "Hossa"]
[Result "1-0"]
[WhiteElo "2182"]
[BlackElo "2297"]
[PlyCount "162"]
[EventDate "2001.??.??"]

1. Nf3 d5 2. d4 Nf6 3. e3 g6 4. c4 Bg7 5. cxd5 O-O 6. Qb3 Nxd5 7. e4 Nb6 8. Be3
Kh8 9. Nc3 f5 10. exf5 Bxf5 11. Ne5 Bxe5 12. dxe5 Nc6 13. Rd1 Qb8 14. Bb5 Nxe5
15. Bd4 c5 16. Bxc5 Ng4 17. Qb4 Rf7 18. Be2 Ne5 19. Bxb6 axb6 20. Qxb6 Bc2 21.
Rd2 Bf5 22. O-O Rf6 23. Qe3 Nc6 24. Rfd1 Qe5 25. Qxe5 Nxe5 26. f4 Nc6 27. Bf3
Kg7 28. Kf2 h5 29. h3 Ra6 30. Nd5 Rf7 31. g4 hxg4 32. hxg4 Bc8 33. Kg3 Rxa2 34.
Nb6 Be6 35. Re1 Bb3 36. Nd7 Na5 37. Rh2 Ra4 38. Reh1 Rfxf4 39. Rh7+ Kg8 40.
Rh8+ Kf7 41. R1h7+ Ke6 42. Nc5+ Kd6 43. Nxa4 Rxa4 44. Rd8+ Ke6 45. Re8 Nc6 46.
Bxc6 bxc6 47. Rhxe7+ Kd6 48. Re2 Bd5 49. Rd2 Kc7 50. g5 Rb4 51. Re7+ Kb6 52.
Rf2 Kc5 53. Re3 Rb8 54. Rc3+ Kd6 55. Rf6+ Ke5 56. Re3+ Kd4 57. Re2 Kd3 58. Re7
Rxb2 59. Rxg6 Rg2+ 60. Kf4 Kd4 61. Rd6 Rf2+ 62. Kg4 Rg2+ 63. Kf5 Rf2+ 64. Kg6
Rg2 65. Kf6 Kc5 66. Rd8 Rf2+ 67. Kg7 Kc4 68. Re1 Rg2 69. g6 Kd4 70. Re6 Kc5 71.
Rf6 Kc4 72. Kf8 Kb4 73. g7 Ba2 74. Rxc6 Rf2+ 75. Ke7 Rf7+ 76. Kd6 Rxg7 77. Rb8+
Ka5 78. Rc2 Rg6+ 79. Ke5 Bf7 80. Rc1 Rb6 81. Ra1+ Kb5 {Hossa resigns} 1-0

[Event "ICS rated blitz match"]
[Site "204.178.125.65"]
[Date "2001.07.19"]
[Round "?"]
[White "Hossa"]
[Black "PostModernist"]
[Result "0-1"]
[WhiteElo "2597"]
[BlackElo "2832"]
[PlyCount "109"]
[EventDate "2001.??.??"]

1. e4 c5 2. c3 Nf6 3. e5 Nd5 4. Nf3 e6 5. Bc4 d6 6. O-O Nc6 7. d4 cxd4 8. cxd4
Be7 9. Nc3 Nxc3 10. bxc3 dxe5 11. dxe5 Qxd1 12. Rxd1 Bd7 13. Bd3 O-O-O 14. Bf4
h6 15. Rab1 g5 16. Bg3 h5 17. h3 g4 18. hxg4 hxg4 19. Nh2 Rdg8 20. Be2 Rg7 21.
Nxg4 Rgh7 22. Nh2 Bc5 23. Rd2 Be8 24. Bf3 Kb8 25. Be4 Rh6 26. Rdb2 Bb6 27. c4
Na5 28. Rc2 Bc5 29. Rc3 b6 30. Rd3 Nxc4 31. Rc1 Bb5 32. a4 Ba6 33. Rd7 Na5 34.
Bf4 Rh4 35. Rxf7 Nb3 36. Rc3 Nd4 37. Bf3 Be2 38. Rb7+ Kc8 39. Rxa7 Bxf3 40.
Rxf3 Kb8 41. Rf7 Ne2+ 42. Kf1 Nxf4 43. R3xf4 Rxh2 44. g4 Rg8 45. R4f6 Rxg4 46.
Rxe6 Rh8 47. Rc6 Rh1+ 48. Ke2 Rxa4 49. Re6 Rh8 50. f4 Ra3 51. Rh6 Rxh6 52. Rf8+
Bxf8 53. Kf1 Ra2 54. Kg1 Bc5+ 55. Kf1 {Hossa resigns} 0-1

[Event "ICS rated standard match"]
[Site "204.178.125.65"]
[Date "2001.07.19"]
[Round "?"]
[White "MrBigwin"]
[Black "Hossa"]
[Result "0-1"]
[WhiteElo "2293"]
[BlackElo "2292"]
[PlyCount "46"]
[EventDate "2001.??.??"]

1. Nf3 c5 2. Nc3 Nc6 3. e4 e5 4. Bc4 d6 5. O-O Be7 6. d3 Nf6 7. Be3 O-O 8. Nd5
Nxd5 9. Bxd5 Bf6 10. c3 Ne7 11. Bc4 Bg4 12. h3 Be6 13. Bxe6 fxe6 14. Qa4 Nc6
15. a3 Qc7 16. b4 b6 17. Rfb1 Rac8 18. bxc5 bxc5 19. Rb5 Rb8 20. Rab1 Rxb5 21.
Rxb5 Qd7 22. Qc4 Bd8 23. Qb4 Nxb4 {MrBigwin resigns} 0-1

[Event "ICS rated blitz match"]
[Site "204.178.125.65"]
[Date "2001.07.19"]
[Round "?"]
[White "Malukulu"]
[Black "Hossa"]
[Result "1-0"]
[WhiteElo "2811"]
[BlackElo "2590"]
[PlyCount "60"]
[EventDate "2001.??.??"]

1. c4 c5 2. Nc3 Nc6 3. Nf3 d6 4. e3 Nf6 5. d4 cxd4 6. exd4 d5 7. cxd5 Nxd5 8.
Bb5 Bg4 9. Qa4 Nxc3 10. Bxc6+ bxc6 11. Qxc6+ Bd7 12. Qxc3 e6 13. O-O Be7 14. d5
exd5 15. Qxg7 Bf6 16. Qh6 Rg8 17. Qxh7 Rg7 18. Qh5 Be6 19. Ne5 Qd6 20. Bf4
O-O-O 21. Rac1+ Kb7 22. Nd3 Qf8 23. Nc5+ Ka8 24. Qe2 d4 25. Na6 Rd7 26. Qb5
Rxg2+ 27. Kxg2 Bd5+ 28. f3 Qd8 29. Rc7 Re7 30. Rxe7 Bxe7 {Hossa resigns} 1-0

[Event "ICS rated bullet match"]
[Site "204.178.125.65"]
[Date "2001.07.19"]
[Round "?"]
[White "EroeInrico"]
[Black "Hossa"]
[Result "0-1"]
[WhiteElo "2115"]
[BlackElo "2615"]
[PlyCount "102"]
[EventDate "2001.??.??"]

1. e4 c5 2. Nf3 e6 3. d4 cxd4 4. Nxd4 Nf6 5. Nc3 d6 6. Bg5 Be7 7. f4 O-O 8. Qf3
e5 9. Nf5 Bxf5 10. exf5 e4 11. Qh3 h6 12. O-O-O hxg5 13. fxg5 Nh7 14. g6 Ng5
15. Qh5 Qc8 16. g4 fxg6 17. fxg6 Qc5 18. h4 Nd7 19. hxg5 Qxg5+ 20. Kb1 Qxh5 21.
Rxh5 Rac8 22. Bb5 Nf6 23. Rh3 Rxc3 24. bxc3 Rc8 25. Ba4 Rc4 26. Bb3 b5 27. Rdh1
Kf8 28. Rf1 Ke8 29. Rh8+ Kd7 30. Bxc4 bxc4 31. g5 Ne8 32. Re1 d5 33. Rd1 Nc7
34. Rg8 Ke6 35. Rc8 Nb5 36. Rh1 Nxc3+ 37. Kb2 Na4+ 38. Kc1 Bxg5+ 39. Kd1 Nc3+
40. Ke1 Nxa2 41. Rf1 a5 42. Rg8 Nb4 43. Rxg7 Nxc2+ 44. Ke2 d4 45. Rg1 d3+ 46.
Kd1 e3 47. Rg2 Nd4 48. Ra7 e2+ 49. Rxe2+ dxe2+ 50. Ke1 Bh4+ 51. Kd2 e1=Q# {
EroeInrico checkmated} 0-1

[Event "ICS rated bullet match"]
[Site "204.178.125.65"]
[Date "2001.07.19"]
[Round "?"]
[White "Hossa"]
[Black "Gordon"]
[Result "0-1"]
[WhiteElo "2617"]
[BlackElo "1902"]
[PlyCount "152"]
[EventDate "2001.??.??"]

1. e4 c5 2. Nf3 d6 3. d4 cxd4 4. Nxd4 Nf6 5. Nc3 a6 6. Be2 Nbd7 7. O-O e6 8.
Nb3 b5 9. Bf3 Ne5 10. Bf4 Bb7 11. Bxe5 dxe5 12. Qe2 Qc7 13. Rfd1 b4 14. Na4 Nd7
15. a3 bxa3 16. bxa3 Be7 17. Nb2 Rc8 18. c4 O-O 19. Na5 Rb8 20. Nxb7 Rxb7 21.
Qc2 Rfb8 22. Nd3 Nc5 23. Nxc5 Bxc5 24. Ra2 Rb3 25. a4 Bd4 26. Be2 h6 27. Rf1
Qa7 28. Qd2 Qb7 29. Bd3 Rd8 30. Bc2 Rc3 31. c5 Qc7 32. Qe2 Qxc5 33. Bd1 Rc1 34.
Rd2 Qc4 35. Qxc4 Rxc4 36. g3 Rb8 37. Kg2 f5 38. a5 Rc5 39. Ra2 Rbb5 40. Rd2 g6
41. Ba4 Rxa5 42. Bb3 Kf7 43. exf5 gxf5 44. Re1 Kf6 45. Rde2 e4 46. Rd1 e5 47.
Bg8 Rab5 48. Ra2 a5 49. Re2 a4 50. g4 Rb7 51. Ba2 Rg7 52. h3 Rc3 53. Bd5 h5 54.
Ra2 hxg4 55. hxg4 Rxg4+ 56. Kf1 a3 57. Ke2 e3 58. fxe3 Rxe3+ 59. Kf1 Rh3 60.
Rdd2 Rg1+ 61. Ke2 Ba7 62. Rxa3 Rxa3 63. Rc2 e4 64. Ra2 Rxa2+ 65. Bxa2 Rg2+ 66.
Kd1 Rxa2 67. Kc1 Be3+ 68. Kb1 f4 69. Kxa2 f3 70. Kb3 f2 71. Kc2 Ke5 72. Kd1
f1=Q+ 73. Kc2 Qc4+ 74. Kb2 Bc1+ 75. Kb1 Qc3 76. Ka2 Qb2# {Hossa checkmated} 0-1

[Event "ICS Rated blitz match"]
[Site "204.178.125.65"]
[Date "2001.07.19"]
[Round "?"]
[White "baldomero"]
[Black "Hossa"]
[Result "0-1"]
[WhiteElo "2213"]
[BlackElo "2583"]
[PlyCount "126"]
[EventDate "2001.??.??"]

1. e4 c6 2. d4 d5 3. Nd2 dxe4 4. Nxe4 Bf5 5. Ng3 Bg6 6. Nf3 e6 7. h4 h6 8. h5
Bh7 9. Bd3 Bxd3 10. Qxd3 Bd6 11. Ne4 Nf6 12. c3 Nxe4 13. Qxe4 Nd7 14. Bd2 Nf6
15. Qe2 Qc7 16. g3 O-O-O 17. O-O-O Qa5 18. Kb1 Qf5+ 19. Ka1 Qc2 20. Rc1 Qe4 21.
Rce1 Qxe2 22. Rxe2 Kc7 23. Ne5 Bxe5 24. dxe5 Nd7 25. Kb1 Nc5 26. Kc2 b6 27. Rh4
Kb7 28. Rg4 Rhg8 29. Re3 g5 30. hxg6 fxg6 31. Rf3 h5 32. Rgf4 a5 33. b4 Nd7 34.
Re4 axb4 35. cxb4 Kc7 36. a4 Ra8 37. Kb3 b5 38. a5 g5 39. Rf7 Raf8 40. Rxf8
Rxf8 41. f4 gxf4 42. Bxf4 c5 43. Re1 h4 44. Rh1 hxg3 45. Bxg3 Rf3+ 46. Kb2 Rxg3
47. bxc5 Nxe5 48. Rh7+ Kc6 49. a6 Nd3+ 50. Kb1 Rg1+ 51. Kc2 Nb4+ 52. Kd2 Nxa6
53. Re7 Nxc5 54. Rh7 b4 55. Rh5 b3 56. Rf5 Ne4+ 57. Kd3 exf5 58. Kd4 Rd1+ 59.
Ke5 Rd5+ 60. Kf4 b2 61. Kf3 b1=Q 62. Kg2 Rd2+ 63. Kh3 Qh1# {
baldomero checkmated} 0-1

[Event "ICS rated blitz match"]
[Site "204.178.125.65"]
[Date "2001.07.19"]
[Round "?"]
[White "Hossa"]
[Black "PostModernist"]
[Result "0-1"]
[WhiteElo "2586"]
[BlackElo "2817"]
[PlyCount "109"]
[EventDate "2001.??.??"]

1. e4 c5 2. c3 d5 3. exd5 Qxd5 4. d4 e6 5. Nf3 Nf6 6. Bd3 Be7 7. O-O Nc6 8. c4
Qh5 9. dxc5 O-O 10. a3 e5 11. Nc3 Rd8 12. Nd5 Bg4 13. Qb3 Nxd5 14. cxd5 Na5 15.
Qd1 Bxc5 16. b4 Bd6 17. Be4 Nc4 18. h3 Bf5 19. Ng5 Qg6 20. Qd3 Bxe4 21. Nxe4 b5
22. Rd1 a5 23. Rb1 axb4 24. axb4 f6 25. Nc3 Qxd3 26. Rxd3 Rab8 27. g4 g6 28.
Ne4 Be7 29. Be3 f5 30. gxf5 gxf5 31. Ng3 f4 32. Nf5 Bf6 33. Bc5 e4 34. Rdd1 Rd7
35. Bd4 Kf7 36. Nh6+ Kg6 37. Bxf6 Kxf6 38. Rd4 Kg5 39. Ng4 h5 40. Nh2 Nd6 41.
Rc1 Kh4 42. Rc3 Rg8+ 43. Kf1 Ra7 44. Rd1 Ra2 45. Re1 e3 46. Nf3+ Kxh3 47. Re2
Rxe2 48. Kxe2 Rg2 49. Rc6 Rxf2+ 50. Kd3 Kg3 51. Ng5 Rd2+ 52. Kc3 Rxd5 53. Rxd6
Rxg5 54. Kd3 Kf3 55. Kd4 {Hossa resigns} 0-1

[Event "ICS rated blitz match"]
[Site "204.178.125.65"]
[Date "2001.07.19"]
[Round "?"]
[White "PostModernist"]
[Black "Hossa"]
[Result "1-0"]
[WhiteElo "2824"]
[BlackElo "2635"]
[PlyCount "82"]
[EventDate "2001.??.??"]

1. d4 f5 2. Nf3 e6 3. Bg5 Be7 4. h4 Bxg5 5. hxg5 Ne7 6. e3 d6 7. Nc3 c6 8. Qd2
a5 9. Be2 b5 10. Nh4 a4 11. Bh5+ g6 12. Bf3 h6 13. e4 b4 14. Ne2 hxg5 15. Qxg5
fxe4 16. Bxe4 Ra5 17. Qf6 Kd7 18. Bxg6 Nxg6 19. Qxg6 Kc7 20. g3 Rf5 21. f4 Qf8
22. a3 Rh6 23. Qg4 Rb5 24. axb4 Rxb4 25. O-O-O Ba6 26. Nc3 Qf6 27. Ne4 Qf7 28.
Nf3 Rg6 29. Qh5 Rb5 30. Nfg5 Qg8 31. Qf3 Rd5 32. Qa3 Bb5 33. Rh7+ Kb6 34. Rdh1
Na6 35. Nxd6 Rxd4 36. Rb7+ Ka5 37. Qc3+ Rb4 38. Qe3 Be2 39. Ra7 Rxg5 40. Qxe2
Rgb5 41. c3 Rd4 {Hossa resigns} 1-0

[Event "ICS Rated blitz match"]
[Site "204.178.125.65"]
[Date "2001.07.19"]
[Round "?"]
[White "Hossa"]
[Black "PostModernist"]
[Result "1-0"]
[WhiteElo "2627"]
[BlackElo "2832"]
[PlyCount "81"]
[EventDate "2001.??.??"]

1. d4 d5 2. c4 Bf5 3. Qb3 e5 4. Qxb7 Nd7 5. dxe5 d4 6. Nd2 Bc2 7. g3 Nxe5 8.
Bg2 Rb8 9. Qxa7 Bb4 10. a3 Be7 11. Bd5 c5 12. Ndf3 Ng4 13. h3 N4f6 14. Bc6+ Kf8
15. b4 cxb4 16. Nxd4 Rc8 17. Nxc2 Rxc6 18. Nxb4 Rxc4 19. Nf3 Qc8 20. Be3 Bd6
21. Qb6 Be7 22. Kf1 Nd7 23. Qb5 Ngf6 24. Kg2 Ne4 25. Rhd1 Ndf6 26. Ne5 Rc7 27.
Nbc6 Bd6 28. Qb6 Ne8 29. Rdc1 Qe6 30. Qd4 N8f6 31. Rab1 Rc8 32. Rb7 Bc7 33.
Qb4+ Nd6 34. Bc5 Nfe8 35. Rd1 Kg8 36. Rxc7 Rxc7 37. Bxd6 Rxc6 38. Nxc6 h6 39.
Qg4 Qxg4 40. hxg4 Kh7 41. Be7 {PostModernist resigns} 1-0

[Event "ICS Rated blitz match"]
[Site "204.178.125.65"]
[Date "2001.07.19"]
[Round "?"]
[White "Mink"]
[Black "Hossa"]
[Result "0-1"]
[WhiteElo "2712"]
[BlackElo "2651"]
[PlyCount "134"]
[EventDate "2001.??.??"]

1. e4 c6 2. d4 d5 3. Nc3 dxe4 4. Nxe4 Bf5 5. Ng3 Bg6 6. h4 h6 7. Nf3 Nd7 8. h5
Bh7 9. Bd3 Bxd3 10. Qxd3 Ngf6 11. Bf4 Qa5+ 12. Bd2 Qc7 13. O-O-O e6 14. Ne4
Nxe4 15. Qxe4 Nf6 16. Qe1 O-O-O 17. Ba5 b6 18. Bd2 Rd5 19. c4 Rf5 20. Qe2 c5
21. Nh4 Rxh5 22. g4 Rg5 23. Bxg5 hxg5 24. Nf3 Qf4+ 25. Kb1 Rxh1 26. Rxh1 cxd4
27. Ne5 Nd7 28. Nd3 Qc7 29. Qf3 Qb7 30. Qxb7+ Kxb7 31. Kc2 a5 32. f3 Kc6 33. b3
Be7 34. Rh2 Kd6 35. Rh7 Bf6 36. Rh8 Ne5 37. Nxe5 Kxe5 38. Kd2 Kf4 39. Ke2 d3+
40. Kxd3 Kxf3 41. Rf8 Kxg4 42. Rxf7 Kf3 43. Kd2 Kf2 44. Rb7 g4 45. Rxb6 e5 46.
c5 g3 47. Rxf6+ gxf6 48. c6 e4 49. c7 e3+ 50. Kd3 e2 51. c8=Q e1=Q 52. Qf5+ Kg1
53. Qc5+ Kf1 54. Qf5+ Qf2 55. Qh5 g2 56. Qd1+ Qe1 57. Qf3+ Kg1 58. Qh3 Qb1+ 59.
Kd4 Qxa2 60. Kc5 Qc2+ 61. Kb5 Qe4 62. Qh6 Qb4+ 63. Ka6 Qd6+ 64. Kb7 Kf2 65.
Qh4+ Qg3 66. Qd4+ Qe3 67. Qxf6+ Qf3+ {Mink resigns} 0-1

[Event "ICS rated blitz match"]
[Site "204.178.125.65"]
[Date "2001.07.19"]
[Round "?"]
[White "Hossa"]
[Black "eld"]
[Result "1-0"]
[WhiteElo "2670"]
[BlackElo "2246"]
[PlyCount "57"]
[EventDate "2001.??.??"]

1. d4 d5 2. c4 c6 3. Nc3 Nf6 4. e3 e6 5. Nf3 Nbd7 6. Bd3 dxc4 7. Bxc4 b5 8. Bd3
a6 9. e4 c5 10. e5 cxd4 11. Nxb5 Nxe5 12. Nxe5 axb5 13. Bxb5+ Bd7 14. Nxd7 Nxd7
15. O-O Bc5 16. b4 Bb6 17. a4 O-O 18. Bb2 e5 19. a5 Ba7 20. Re1 Re8 21. Qg4 Nf6
22. Qg3 Re6 23. Bc4 Re8 24. Rxe5 Rxe5 25. Qxe5 Rb8 26. b5 Rc8 27. Bd3 Bb8 28.
Qxd4 Qc7 29. Qh4 {eld resigns} 1-0

[Event "ICS rated blitz match"]
[Site "204.178.125.65"]
[Date "2001.07.19"]
[Round "?"]
[White "monsoon"]
[Black "Hossa"]
[Result "1/2-1/2"]
[WhiteElo "2591"]
[BlackElo "2673"]
[PlyCount "100"]
[EventDate "2001.??.??"]

1. d4 Nf6 2. c4 e6 3. Nc3 Bb4 4. e3 O-O 5. Bd3 d5 6. Nf3 c5 7. O-O dxc4 8. Bxc4
Nbd7 9. Qe2 cxd4 10. exd4 Nb6 11. Bg5 Nxc4 12. Qxc4 Be7 13. Bxf6 Bxf6 14. Rac1
b6 15. Ne4 Bb7 16. Qd3 Be7 17. Rfe1 Bd5 18. a3 Rc8 19. Rxc8 Qxc8 20. Nc3 Bxf3
21. Qxf3 Bf6 22. Qe4 Rd8 23. Ne2 Qc4 24. Rd1 Qa4 25. Rd2 Qa5 26. Rd1 Qb5 27.
Rd2 Qa4 28. Qb7 Bg5 29. f4 Bf6 30. Qf3 Qb5 31. Kh1 Qf5 32. Rd3 Be7 33. Ng3 Qb5
34. b4 a5 35. bxa5 Qxa5 36. f5 Qe1+ 37. Nf1 Qc1 38. Rc3 Qa1 39. Rc7 Bf6 40.
fxe6 fxe6 41. Qe2 Kh8 42. Qf3 Qxd4 43. Rc6 e5 44. Rxf6 gxf6 45. Qxf6+ Kg8 46.
Qe6+ Kg7 47. Qe7+ Kg6 48. Qe6+ Kg5 49. Qe7+ Kg6 50. Qe6+ Kg5 {
Game drawn by mutual agreement} 1/2-1/2

[Event "ICS rated blitz match"]
[Site "204.178.125.65"]
[Date "2001.07.19"]
[Round "?"]
[White "QueenMaxima"]
[Black "Hossa"]
[Result "0-1"]
[WhiteElo "2520"]
[BlackElo "2669"]
[PlyCount "110"]
[EventDate "2001.??.??"]

1. e4 c5 2. Bc4 e6 3. Nc3 Nc6 4. Nf3 Nf6 5. O-O Nxe4 6. Nxe4 d5 7. d3 dxc4 8.
dxc4 b6 9. Bg5 f6 10. Be3 Qxd1 11. Rfxd1 e5 12. Nh4 Kf7 13. Nd6+ Bxd6 14. Rxd6
Na5 15. b3 g5 16. Nf3 Bg4 17. Ne1 Rhd8 18. Rd5 Nc6 19. f3 Bf5 20. c3 Ne7 21.
Rdd1 h5 22. a4 Nc6 23. Rdc1 Rd7 24. Ra3 Rad8 25. Raa1 Na5 26. Ra3 Rd1 27. Kf2
Rxc1 28. Bxc1 Rd1 29. b4 cxb4 30. cxb4 Rxc1 31. bxa5 bxa5 32. Nd3 Rc2+ 33. Ke3
Rxg2 34. h4 gxh4 35. Rb3 Rc2 36. f4 h3 37. Rb7+ Kg6 38. fxe5 Rc3 39. exf6 Rxd3+
40. Kf4 h2 41. Rb1 Rd4+ 42. Kg3 Rg4+ 43. Kxh2 Bxb1 44. c5 Be4 45. f7 Kxf7 46.
Kh3 Bg2+ 47. Kh2 Bc6 48. Kh3 Bxa4 49. Kh2 Ke6 50. Kh3 Kd5 51. Kh2 Kxc5 52. Kh3
Kd4 53. Kh2 Ke3 54. Kh3 Kf2 55. Kh2 Rh4# {QueenMaxima checkmated} 0-1

[Event "ICS rated blitz match"]
[Site "204.178.125.65"]
[Date "2001.07.19"]
[Round "?"]
[White "Hossa"]
[Black "QueenMaxima"]
[Result "0-1"]
[WhiteElo "2679"]
[BlackElo "2511"]
[PlyCount "140"]
[EventDate "2001.??.??"]

1. d4 Nf6 2. Bg5 d6 3. e3 h6 4. Bxf6 gxf6 5. Nc3 Rg8 6. Qd2 Be6 7. O-O-O c6 8.
d5 cxd5 9. Nxd5 Nc6 10. Nf4 Bg4 11. f3 Bd7 12. g4 Ne5 13. e4 Rc8 14. Nh5 Qb6
15. Kb1 Ba4 16. Rc1 Bc6 17. Be2 Bd7 18. Nh3 Rc5 19. N3f4 Ba4 20. Nd5 Qd8 21. f4
Nd7 22. Qd4 Bb5 23. c4 Ba4 24. b3 Bc6 25. b4 Bxd5 26. bxc5 Bc6 27. cxd6 e5 28.
Qe3 Bxd6 29. Rc2 Bc5 30. Qf3 Bd4 31. Kc1 Qb6 32. c5 Bxc5 33. Rc3 Qa5 34. Rd3
Kf8 35. a3 Bb5 36. Rb3 Bxe2 37. Qxe2 Bxa3+ 38. Kd1 Nc5 39. Rb1 Ke7 40. Qf3 Rd8+
41. Ke2 Qa6+ 42. Kf2 Rd3 43. Qe2 Nxe4+ 44. Qxe4 Bc5+ 45. Ke1 Re3+ 46. Qxe3 Bxe3
47. Rf1 e4 48. Rd1 Qa5+ 49. Ke2 Bb6 50. Ng3 Qb5+ 51. Ke1 Qb4+ 52. Ke2 Qc4+ 53.
Ke1 Qc3+ 54. Rd2 e3 55. Nf5+ Kf8 56. Nxe3 Bxe3 57. Rff2 Qc1+ 58. Rd1 Bxf2+ 59.
Kxf2 Qxd1 60. h3 Qd2+ 61. Kf3 Qd3+ 62. Kf2 a5 63. Kg2 a4 64. h4 Qe2+ 65. Kg3 a3
66. g5 a2 67. g6 a1=Q 68. g7+ Kg8 69. f5 Qae1+ 70. Kf4 Qe4# {Hossa checkmated}
0-1